Constitutive functions of minority rights and social justice in India (Record no. 524426)

000 -LEADER
fixed length control field 00804nam a22001457a 4500
008 - FIXED-LENGTH DATA ELEMENTS--GENERAL INFORMATION
fixed length control field 231114b ||||| |||| 00| 0 eng d
100 ## - MAIN ENTRY--PERSONAL NAME
Personal name Reddy, B.P. Jeevan
245 ## - TITLE STATEMENT
Title Constitutive functions of minority rights and social justice in India
260 ## - PUBLICATION, DISTRIBUTION, ETC. (IMPRINT)
Place of publication, distribution, etc Journal of the Indian Law Institute
300 ## - PHYSICAL DESCRIPTION
Extent 64(3), Jul-Sep, 2023: p.341-372
520 ## - SUMMARY, ETC.
Summary, etc While the conductional idea of social justice hinges around the representation of traditionally excluded caste of minority educational institutions. This paper attempts to demonstrate that the basket of minority rights is quite empty to begin with. Such emptiness has been filled with the exclusion of social justice polices. – Reproduced
773 ## - HOST ITEM ENTRY
Main entry heading Journal of the Indian Law Institute
906 ## - LOCAL DATA ELEMENT F, LDF (RLIN)
Subject DIP SOCIAL JUSTICE
942 ## - ADDED ENTRY ELEMENTS (KOHA)
Item type Articles
Holdings
Withdrawn status Lost status Source of classification or shelving scheme Damaged status Not for loan Permanent location Current location Date acquired Serial Enumeration / chronology Barcode Date last seen Koha item type
          Indian Institute of Public Administration Indian Institute of Public Administration 2023-11-14 64(3), Jul-Sep, 2023: p.341-372 AR130303 2023-11-14 Articles

Powered by Koha